Historia gospodarcza Polski
Gespeichert in:
| 1. Verfasser: | |
|---|---|
| Weitere Verfasser: | |
| Format: | Buch |
| Sprache: | Polnisch |
| Veröffentlicht: |
Warszawa
Wydawnictwo Key Text
1999
|
| Ausgabe: | 2. popraw. i uzupel. wyd. |
| Schlagworte: | |
| Tags: |
Keine Tags, Fügen Sie das erste Tag hinzu!
|
MARC
| LEADER | 00000nam a2200000 4500 | ||
|---|---|---|---|
| 001 | c117720 | ||
| 005 | 20221108121647.7 | ||
| 020 | |a 83-87251-25-9 | ||
| 020 | |a 83-87251-10-0 | ||
| 041 | 0 | |a pol | |
| 044 | |a PL | ||
| 245 | 1 | 0 | |a Historia gospodarcza Polski |c Andrzej Jezierski, Cecylia Leszczynska |
| 250 | |a 2. popraw. i uzupel. wyd. | ||
| 264 | 1 | |a Warszawa |b Wydawnictwo Key Text |c 1999 | |
| 300 | |a 560 s. | ||
| 610 | 2 | 0 | |a politika hospodárska |
| 610 | 2 | 0 | |a situácia hospodárska |
| 610 | 2 | 0 | |a hospodárstvo národné |
| 610 | 2 | 0 | |a hospodárstvo socialistické |
| 610 | 2 | 0 | |a hospodárstvo kapitalistické |
| 610 | 2 | 0 | |a vývoj hospodársky |
| 610 | 2 | 0 | |a odvetvia činnosti ekonomickej |
| 610 | 2 | 0 | |a priemysel |
| 610 | 2 | 0 | |a poľnohospodárstvo |
| 610 | 2 | 0 | |a obchod |
| 610 | 2 | 0 | |a vývoj spoločenský |
| 610 | 2 | 0 | |a politika medzinárodná |
| 610 | 2 | 0 | |a Poľsko |
| 100 | 1 | |a Jezierski, Andrzej | |
| 700 | 1 | |a Leszczynska, Cecylia | |